Key Words in Science and Technology : Collins Cobuild /

Salvato in:
Dettagli Bibliografici
Autore principale: Mascull, Bill (Autore)
Natura: Libro
Lingua:inglese
Pubblicazione: London : HarperCollins Publishers Ltd, 1997
Soggetti:
Tags: Aggiungi Tag
Nessun Tag, puoi essere il primo ad aggiungerne!!

MARC

LEADER 00000nam a22000003a 4500
001 stu46352
005 20150617225711.0
008 980601s1997----uk------------------eng-d
020 |a 0-00-375098-1 
040 |a STU  |b slo 
041 0 |a eng 
044 |a uk 
080 |a 802.0(075) 
100 1 |a Mascull, Bill  |4 aut 
245 1 |a Key Words in Science and Technology :  |b Collins Cobuild /  |c [aut.]Bill Mascull 
260 |a London :  |b HarperCollins Publishers Ltd,  |c 1997 
300 |a 210 s 
650 7 |a Angličtina odborná  |2 stusub 
996 |b M 30607  |c M*9934-1  |l MMKN  |s A  |a 24  |w stu46352_0001 
996 |b 284M019775  |c M*9934-2  |l MMKN  |s A  |a 24  |w stu46352_0002 
996 |b C96047  |c C*96047  |l CCXVII  |s P  |a 0  |w stu46352_0003